Avtomatizacija analitičeskich vyčislenij v naučnych issledovanijach

Guardado en:
Detalles Bibliográficos
Formato: Libro
Lenguaje:ruso
Publicado: Novosibirsk Nauka 1985
Etiquetas: Agregar Etiqueta
Sin Etiquetas, Sea el primero en etiquetar este registro!

MARC

LEADER 00000nam a2200000 4500
001 c109851
005 20260202073653.8
041 0 |a rus 
044 |a RU 
245 1 0 |a Avtomatizacija analitičeskich vyčislenij v naučnych issledovanijach  |c Jevgenij Aleksandrovič Arajs, Nikolaj Jegorovič Jakovlev 
264 1 |a Novosibirsk  |b Nauka  |c 1985 
300 |a 221 s.